000 00343nam a2200145Ia 4500
008 230718s9999 xx 000 0 und d
041 _aEng.
082 _a348.08
_bALI-P
100 _aAlizamiz Muhammad Mashar
245 0 _aPakistan Penal Code
260 _aPakistan
_bP.L.D Publisher
_c1988
300 _a462
650 _aLaw
999 _c28758
_d28758